[Event "16. Obert Int. Sant Martí 2014 Grupo B"]
[Site "Barcelona ESP"]
[Date "2014.07.21"]
[Round "9.63"]
[White "Martimpé Burgués, Xavier"]
[Black "Castilla Casanova, Víctor"]
[Result "1-0"]
[WhiteElo "1700"]
[BlackElo "1754"]
[PlyCount "69"]
[EventDate "2014.07.13"]
[EventType "swiss"]
[EventRounds "9"]
[EventCountry "ESP"]
[Source "lmi"]
[SourceDate "2014.07.13"]

1. e4 e5 2. Nf3 Nc6 3. Bc4 Nf6 4. Nc3 Nxe4 5. Nxe4 d5 6. Bxd5 Qxd5 7. d3 Bf5 8.
Qe2 Bd6 9. O-O O-O 10. Bh6 gxh6 11. Nf6+ Kh8 12. Nxd5 Rg8 13. g3 Bg4 14. Nf6
Rg6 15. Nxg4 Rxg4 16. Qe3 h5 17. Kh1 Nb4 18. Qd2 f5 19. a3 Nd5 20. c4 Nf6 21.
Qc3 Re8 22. Rae1 Nd7 23. d4 e4 24. d5+ Kg8 25. Nh4 Rf8 26. f3 exf3 27. Nxf3 f4
28. Re4 c5 29. b4 Nf6 30. Re6 Ne8 31. Rfe1 Kf7 32. bxc5 Bxc5 33. Ne5+ Kg8 34.
Nxg4 hxg4 35. Rxe8 1-0

[Event "16. Obert Int. Sant Martí 2014 Grupo B"]
[Site "Barcelona ESP"]
[Date "2014.07.21"]
[Round "9.64"]
[White "Perez Ramirez, Placido"]
[Black "Marcelo, Diego Luis"]
[Result "1-0"]
[WhiteElo "1800"]
[BlackElo "1706"]
[PlyCount "73"]
[EventDate "2014.07.13"]
[EventType "swiss"]
[EventRounds "9"]
[EventCountry "ESP"]
[Source "lmi"]
[SourceDate "2014.07.13"]

1. e4 e5 2. Nf3 Nc6 3. Bb5 d6 4. h3 g6 5. O-O Bg7 6. c3 Nge7 7. Re1 O-O 8. d4
Bd7 9. Ba4 a6 10. Bc2 Be8 11. dxe5 dxe5 12. Bd2 Bd7 13. Qe2 Be6 14. Rd1 Qc8 15.
Kh2 Qb8 16. Ng5 f6 17. Nxe6 Re8 18. Nxg7 Kxg7 19. Qg4 Ng8 20. f4 h5 21. Qg3 Qc8
22. h4 Kf8 23. Qxg6 Nce7 24. Qxh5 Qe6 25. f5 Qf7 26. Qg4 Red8 27. Rf1 Ke8 28.
Bb3 Qf8 29. Be6 Nc8 30. Qh5+ Ke7 31. Rd1 Qe8 32. Qh7+ Kf8 33. Qxg8+ Ke7 34.
Qg7+ Kd6 35. Be3+ Kc6 36. Bd5+ Kd6 37. Bxb7# 1-0

[Event "16. Obert Int. Sant Martí 2014 Grupo B"]
[Site "Barcelona ESP"]
[Date "2014.07.21"]
[Round "9.65"]
[White "Martin Palau, Roger"]
[Black "Gomez Albamonte, Sonia"]
[Result "1-0"]
[WhiteElo "1750"]
[BlackElo "1700"]
[PlyCount "69"]
[EventDate "2014.07.13"]
[EventType "swiss"]
[EventRounds "9"]
[EventCountry "ESP"]
[Source "lmi"]
[SourceDate "2014.07.13"]

1. e4 d5 2. exd5 Qxd5 3. d4 Nf6 4. c4 Qa5+ 5. Nc3 c6 6. Nf3 Bg4 7. Be2 e6 8.
Ne5 Bxe2 9. Qxe2 Nbd7 10. O-O Bd6 11. f4 O-O-O 12. Nxf7 Bc7 13. Nxh8 Rxh8 14.
Bd2 Qf5 15. Rae1 Re8 16. Ne4 Nxe4 17. Qxe4 Qh5 18. d5 Nf6 19. Qe2 Qf5 20. dxe6
Bb6+ 21. Kh1 Ng4 22. h3 Nf6 23. b4 Qg6 24. Rf3 Re7 25. b5 c5 26. Bc3 Ne8 27. f5
Qg5 28. Qd2 Qh4 29. Rd1 Rc7 30. a4 Re7 31. a5 Bc7 32. Rd3 Nd6 33. Rxd6 Bxd6 34.
Qxd6 Rc7 35. Qf8+ 1-0

[Event "16. Obert Int. Sant Martí 2014 Grupo B"]
[Site "Barcelona ESP"]
[Date "2014.07.21"]
[Round "9.66"]
[White "Tasmin, Sultana"]
[Black "Flores Muñoz, Daniel"]
[Result "0-1"]
[WhiteElo "1320"]
[BlackElo "1899"]
[PlyCount "94"]
[EventDate "2014.07.13"]
[EventType "swiss"]
[EventRounds "9"]
[EventCountry "ESP"]
[Source "lmi"]
[SourceDate "2014.07.13"]

1. Nf3 d5 2. g3 Bg4 3. Bg2 Nf6 4. h3 Bxf3 5. Bxf3 e5 6. Nc3 e4 7. Bg2 c6 8. e3
Bb4 9. a3 Bxc3 10. bxc3 Nbd7 11. d4 Nb6 12. Bf1 Na4 13. Bd2 O-O 14. c4 dxc4 15.
Bxc4 Nb2 16. Qe2 Nxc4 17. Qxc4 Rc8 18. Qb3 b5 19. Bb4 Re8 20. O-O a5 21. Bc5 a4
22. Qb2 Qd5 23. Kg2 Nd7 24. Qb4 Nxc5 25. Qxc5 Qxc5 26. dxc5 Red8 27. Rad1 Rd5
28. Rd4 Rxc5 29. Rxe4 Rd8 30. Rd4 Rxd4 31. exd4 Rxc2 32. Re1 g6 33. Re7 Rc4 34.
Rc7 h5 35. Kf3 Rxd4 36. Rxc6 Rd3+ 37. Kf4 Rxa3 38. Kg5 Kg7 39. Rb6 Rb3 40. Kh4
a3 41. Ra6 Rb4+ 42. g4 Ra4 43. Rb6 a2 44. Rxb5 a1=Q 45. Rb7 Qf6+ 46. Kg3 h4+
47. Kg2 Qc6+ 0-1

[Event "16. Obert Int. Sant Martí 2014 Grupo B"]
[Site "Barcelona ESP"]
[Date "2014.07.21"]
[Round "9.67"]
[White "Avila Lopez, Joan"]
[Black "Montoro Rueda, Raul"]
[Result "1-0"]
[WhiteElo "1704"]
[BlackElo "1775"]
[PlyCount "83"]
[EventDate "2014.07.13"]
[EventType "swiss"]
[EventRounds "9"]
[EventCountry "ESP"]
[Source "lmi"]
[SourceDate "2014.07.13"]

1. d4 Nf6 2. Bf4 e6 3. e3 d5 4. Nf3 Nbd7 5. Bd3 c5 6. c4 dxc4 7. Bxc4 Nb6 8.
Qc1 Bd6 9. Bb5+ Ke7 10. Bxd6+ Qxd6 11. dxc5 Qd5 12. O-O Nbd7 13. b4 Ne5 14. Nc3
Nxf3+ 15. gxf3 Qxf3 16. Re1 Ng4 17. Qc2 h5 18. Qe2 Qf6 19. Ne4 Qe5 20. Ng3 Nxh2
21. f4 Qf6 22. Qxh2 h4 23. Ne4 Qg6+ 24. Qg2 Qh7 25. Ng5 Qf5 26. Be2 Rh6 27. Bg4
Qd3 28. Rad1 Qb5 29. Qd2 Bd7 30. Be2 Qa4 31. Qd6+ Ke8 32. Rd2 Bb5 33. Qc7 Rf6
34. Qxb7 Bc6 35. Qc7 a6 36. Red1 Kf8 37. Nh7+ Kg8 38. Nxf6+ gxf6 39. Bh5 Rf8
40. Rd6 Bd5 41. Rd8 Qxd1+ 42. Bxd1 1-0

[Event "16. Obert Int. Sant Martí 2014 Grupo B"]
[Site "Barcelona ESP"]
[Date "2014.07.21"]
[Round "9.68"]
[White "Marabajan Navas, Saul"]
[Black "Bes Alvarez, Alex"]
[Result "0-1"]
[WhiteElo "1723"]
[BlackElo "1734"]
[PlyCount "98"]
[EventDate "2014.07.13"]
[EventType "swiss"]
[EventRounds "9"]
[EventCountry "ESP"]
[Source "lmi"]
[SourceDate "2014.07.13"]

1. e4 c5 2. Nf3 d6 3. Nc3 Nf6 4. Bb5+ Bd7 5. Bc4 g6 6. O-O Bg7 7. d3 O-O 8. Ne2
e5 9. Ng3 Bc6 10. h3 d5 11. Nxe5 dxc4 12. Nxc6 Nxc6 13. Be3 cxd3 14. cxd3 b6
15. Qd2 Qd7 16. Rad1 Rad8 17. f3 Nb4 18. a3 Qxd3 19. Rf2 Qxd2 20. Bxd2 Nd3 21.
Rff1 Nxb2 22. Rc1 Rxd2 23. e5 Nd7 24. f4 g5 25. Ne4 Rd4 26. Nd6 Rxf4 27. Rfd1
Nxd1 28. Rxd1 Bxe5 29. Nb5 a6 30. Na7 Nf6 31. Nc6 Bd4+ 32. Kh2 Rf2 33. Kg3 Ra2
34. Rd3 Ne4+ 35. Kf3 Nc3 36. Kg4 Rxa3 37. Kxg5 Ne4+ 38. Kf5 Rxd3 39. Kxe4 Rd1
40. Ne7+ Kh8 41. g4 a5 42. Nc6 a4 43. Kd5 a3 44. h4 a2 45. g5 a1=Q 46. Kd6 Be3+
47. Ke7 Qa8 48. Ne5 Qe8+ 49. Kf6 Qe6# 0-1

[Event "16. Obert Int. Sant Martí 2014 Grupo B"]
[Site "Barcelona ESP"]
[Date "2014.07.21"]
[Round "9.69"]
[White "Jimenez Rimblas, Raul"]
[Black "Doménech López, Laura"]
[Result "0-1"]
[WhiteElo "1706"]
[BlackElo "1721"]
[PlyCount "130"]
[EventDate "2014.07.13"]
[EventType "swiss"]
[EventRounds "9"]
[EventCountry "ESP"]
[Source "lmi"]
[SourceDate "2014.07.13"]

1. e4 d6 2. d4 Nf6 3. Nc3 g6 4. Nf3 Bg7 5. Bc4 O-O 6. h3 e6 7. Bg5 Qe8 8. O-O
c5 9. dxc5 dxc5 10. Qd2 Qd7 11. Qe3 Nc6 12. Bh6 Re8 13. Bxg7 Kxg7 14. Ng5 Qd4
15. Qe2 Qe5 16. Nf3 Qc7 17. Rad1 Qb6 18. b3 Nd4 19. Nxd4 cxd4 20. Na4 Qd8 21.
c3 e5 22. cxd4 exd4 23. Qb2 Rxe4 24. Nc5 Re7 25. Rxd4 Qc7 26. Ne4 Qe5 27. Nxf6
Qxf6 28. Qc3 Be6 29. Re1 Rae8 30. Bxe6 Rxe6 31. Rxe6 Rxe6 32. Rd3 Qxc3 33. Rxc3
Re1+ 34. Kh2 Re2 35. Kg3 Rxa2 36. Rc7 b6 37. Rb7 h5 38. Kf3 Ra3 39. Ke4 Kf6 40.
Kd4 Rxb3 41. Rxa7 b5 42. Ra6+ Kg5 43. Ra5 Rb2 44. Ke3 f5 45. g3 b4 46. f4+ Kh6
47. Rb5 b3 48. Kd3 Rg2 49. Rxb3 Rxg3+ 50. Kc4 Rxb3 51. Kxb3 g5 52. fxg5+ Kxg5
53. Kc3 f4 54. Kd2 Kh4 55. Ke2 Kg3 56. h4 f3+ 57. Kf1 f2 58. Ke2 Kg2 59. Kd2
f1=Q 60. Kc2 Qf2+ 61. Kd1 Kf1 62. Kc1 Ke1 63. Kb1 Kd2 64. Ka1 Kc3 65. Kb1 Qb2#
0-1

[Event "16. Obert Int. Sant Martí 2014 Grupo B"]
[Site "Barcelona ESP"]
[Date "2014.07.21"]
[Round "9.70"]
[White "Bernat Mor, Juli"]
[Black "Tordera Jumilla, Joaquim"]
[Result "1-0"]
[WhiteElo "1700"]
[BlackElo "1700"]
[PlyCount "73"]
[EventDate "2014.07.13"]
[EventType "swiss"]
[EventRounds "9"]
[EventCountry "ESP"]
[Source "lmi"]
[SourceDate "2014.07.13"]

1. e4 c5 2. Nf3 Nc6 3. d4 d6 4. d5 Bg4 5. dxc6 Bxf3 6. Qxf3 bxc6 7. Nc3 Qa5 8.
Bc4 Nf6 9. O-O e5 10. Bg5 Be7 11. h3 O-O 12. Rfd1 Rad8 13. Ne2 Qb4 14. b3 Qb7
15. Ng3 h6 16. Bxf6 Bxf6 17. Nf5 d5 18. exd5 cxd5 19. Bxd5 Qd7 20. Qe4 g6 21.
Nxh6+ Kg7 22. Ng4 Rh8 23. Nxf6 Qf5 24. Ng4 Rh4 25. Qxf5 gxf5 26. Nxe5 Rd4 27.
Rxd4 cxd4 28. Bc4 Rc8 29. Rd1 Rc5 30. Nf3 a5 31. a4 Rc7 32. Rxd4 f6 33. Rd5 f4
34. Rxa5 Rd7 35. Rd5 Re7 36. a5 Re2 37. Bxe2 1-0

[Event "16. Obert Int. Sant Martí 2014 Grupo B"]
[Site "Barcelona ESP"]
[Date "2014.07.21"]
[Round "9.71"]
[White "Ramos Fernández, Pilar"]
[Black "Orts Gonzalez, Rafael"]
[Result "0-1"]
[WhiteElo "1700"]
[BlackElo "1700"]
[PlyCount "62"]
[EventDate "2014.07.13"]
[EventType "swiss"]
[EventRounds "9"]
[EventCountry "ESP"]
[Source "lmi"]
[SourceDate "2014.07.13"]

1. e4 b6 2. Nf3 Bb7 3. Nc3 g6 4. d4 Bg7 5. Bc4 h6 6. O-O c5 7. dxc5 Bxc3 8.
bxc3 bxc5 9. Re1 d6 10. Bd3 Qb6 11. Qe2 Nd7 12. e5 Bd5 13. exd6 Qxd6 14. c4 Be6
15. Qe4 Rd8 16. Bf4 Qa6 17. Ne5 Bf5 18. Qd5 e6 19. Qf3 g5 20. Bg3 Nxe5 21. Bxe5
g4 22. Qe3 f6 23. Bc7 Rd7 24. Bxf5 Rxc7 25. Bxe6 Re7 26. Qxc5 Rxe6 27. Re3 Rxe3
28. fxe3 Ne7 29. Qh5+ Kf8 30. Qxg4 Rg8 31. Qd4 Qb7 0-1

[Event "16. Obert Int. Sant Martí 2014 Grupo B"]
[Site "Barcelona ESP"]
[Date "2014.07.21"]
[Round "9.72"]
[White "Trabado Nieto, David"]
[Black "Marquez Ramos, Ingrid"]
[Result "1-0"]
[WhiteElo "1700"]
[BlackElo "1700"]
[PlyCount "49"]
[EventDate "2014.07.13"]
[EventType "swiss"]
[EventRounds "9"]
[EventCountry "ESP"]
[Source "lmi"]
[SourceDate "2014.07.13"]

1. d4 d5 2. c4 Nf6 3. cxd5 e6 4. Qa4+ Qd7 5. Qxd7+ Bxd7 6. d6 cxd6 7. Nc3 d5 8.
Bf4 Nc6 9. Nf3 Be7 10. e3 O-O 11. Bb5 Rac8 12. O-O Nh5 13. Rac1 a6 14. Bxc6
bxc6 15. Na4 c5 16. Nxc5 Bb5 17. Nd7 Bxd7 18. Ne5 Rcd8 19. Rc7 Bd6 20. Rxd7 Rb8
21. Nc6 Rxb2 22. Bxd6 Rc8 23. Ne7+ Kf8 24. Nxc8+ Kg8 25. Rd8# 1-0